|
|
|
|
| LEADER |
00000cam a2200000 a 4500 |
| 001 |
vtls008390383 |
| 003 |
SK-MaSNL |
| 005 |
20260301093315.0 |
| 008 |
250312s1947 xr 000 0 slo |
| 015 |
|
|
|a SNBA19451955-009051
|
| 035 |
|
|
|a SK01SNKBKSFS20010082600
|
| 035 |
|
|
|a urn:nbn:sk:snk-am3hrik
|
| 035 |
|
|
|a 156B048B-E3E2-4E56-B54A-3B183F97F28A
|
| 035 |
|
|
|a urn:nbn:sk:snk-am00d6pr
|
| 035 |
|
|
|a SKM000085063
|
| 040 |
|
|
|a SNK
|b slo
|c SNK
|e AACR2
|
| 041 |
0 |
|
|a slo
|
| 044 |
|
|
|a xr
|c SK
|
| 080 |
|
|
|a 808.54
|2 1981
|
| 100 |
1 |
|
|a Petřík, Stanislav,
|d 1909-1937
|4 aut
|9 81164
|
| 245 |
1 |
0 |
|a Dva príspevky k hudobnej stránke slovenskej vety
|c Stanislav Petřík. K hudobnej stránke nárečia abaujského, Ludvika Petříková
|
| 246 |
3 |
|
|a K hudobnej stránke nárečia abaujského
|
| 260 |
|
|
|a Praha
|b Orbis
|c 1947
|e Praha
|f Státní tiskárna
|
| 300 |
|
|
|a 147, [1] s.
|c V. 8°
|
| 504 |
|
|
|a Literatúra
|
| 650 |
0 |
7 |
|a slovenčina
|2 SNKPH
|9 1350
|
| 650 |
0 |
7 |
|a syntax
|2 SNKPH
|9 1352
|
| 650 |
0 |
7 |
|a jazyk a reč
|2 SNKPH
|9 1393
|
| 650 |
0 |
7 |
|a fonetika
|2 SNKPH
|9 863
|
| 655 |
|
7 |
|a čítanky
|2 SNKPH
|9 60817
|
| 700 |
1 |
|
|a Petříková, Ludvíka,
|d n. 1908
|4 aut
|9 264570
|
| 852 |
|
|
|a Slovenská národná knižnica
|
| 958 |
|
|
|a RK
|
| 958 |
|
|
|a TL
|
| 958 |
|
|
|a OND
|
| 999 |
|
|
|c 676621
|d 678551
|
| 952 |
|
|
|a SNK
|b SNK
|y VYP
|7 0
|p 17A1551951
|o snkSC 3718 D1
|i snkK 115/69
|8 3
|0 0
|1 0
|4 0
|d 2024-08-15
|l 0
|r 2026-02-23 19:44:28
|w 2026-02-23
|
| 952 |
|
|
|a SNK
|b SNK
|y PREZ
|7 0
|p 17A0757255
|o snkSC 3718
|i snk3681/47
|0 0
|1 0
|4 0
|d 2018-10-08
|f 1
|l 0
|r 2025-06-25 00:00:00
|w 2026-02-23
|